| 000 | 00809nam a22001577a 4500 | ||
|---|---|---|---|
| 003 | macl | ||
| 005 | 20190703122828.0 | ||
| 008 | 190703b xxu||||| |||| 00| 0 eng d | ||
| 040 | _cmacl | ||
| 082 | _a320 | ||
| 100 |
_aठाकरान सुरेश _966616 |
||
| 245 |
_aराष्ट्रीयता साम्यदायिकता धर्म और हम भाग 1 _bहिन्दू राष्ट्र की अवधारणा इस्लाम की भूमिका (हिन्दू राज्य के मायने और साम्प्रदायिकता) |
||
| 260 |
_aपुष्पांजलि प्रकाशन _bदिल्ली _c2017 |
||
| 650 |
_aराजनैतिक _975741 |
||
| 942 |
_2ddc _cHIN |
||
| 999 |
_c60396 _d60396 |
||